03041nam a2200253 a 4500008004100000020001500041041000800056100001700064245013600081250001100217260009200228300001100320500023900331505153600570653006602106653005202172653005502224653012802279653010802407653005802515653004202573653015002615700002202765121101t1991 ag |||f |||| 001 0 spa d a9502513460 aspa1 aArrue, Wille3 aDe "La médica" y la terapéutica. bLa gestión intercultural de la salud en el sur de la Provincia de Neuquén /cWille Arrue a1a ed. aNeuquén [ARG.]:bBibliotecas Universitarias Centro Editor de América Latina;c1991. a288 p. aArrúe, W. y Kalansky, B. (1991). De "la médica" y la terapéutica. La gestión intercultural de la salud en el sur de la Provincia de Neuquén. (1a ed.). Neuquén : Bibliotecas Universitarias Centro Editor de América Latina. aEn el sur de la provincia del Neuquén, región poblada hasta fines del siglo XIX por el pueblo mapuche, el ámbito de la salud es objeto de confrontación social entre la medicina oficial y la medicina popular -oponentes desiguales. Este libro surge del quehacer cotidiano de un equipo interdisciplinario que indagando esa confrontación procuró delimitar un espacio de gestión intercultural de la salud. Doctores y "médicas", agentes sanitarios y enfermeras, pobladores e instituciones sociales, demuestran a través de la práctica investigativa sobre la enfermedad y la salud que la tarea sanitaria es mucho más compleja que aliviar el dolor del órgano. Willie Arrúe y Beatriz Kalisnky, director y coordinadora de campo del proyecto de Investigación "Salud y Participación Social. Una propuesta de investigación sobre un estilo local de conocimiento", exponen ante el lector los resultados de la tarea realizada y nos develan que la medicina popular ha logrado inscribir significados dentro del sistema oficial, no solo respecto de la construcción de la experiencia del sufrimiento sino también de los procesos curativos. La práctica de la gestión conjunta de curadores populares y médicos mediante la presencia de articuladores interculturales en los equipos de salud -los agentes sanitarios en espacial- es un ejemplo rotundo de cambio en los estilos oficiales hasta ahora vigentes, hecho que marca un avance en el camino de la democratización de la salud. Y este libro es su testimonio.  3aLa diversidad de las perspectivas formales de la salud mental 4aLas prácticas locales del cuidado de la salud 3aUn panorama comparativo de las prácticas de saud aAlgunas notas de convergencia entre las prácticas oficial y popular de la salud. Experiencia persoanl con las "medicinas" 4aLos abordajes conjuntos: la cogestión intercultural de la salud en el marco de la Atención Primaria aHacia un espacio local de cogestión en salud mental 4aLos lugares y la "gente de la tierra" aAnexo 1: El plan de Salud en Neuquén. Anexo 2: Departamento de Catan-Lil. Anexo 3: Personas que participaron en la construcción de esta tarea1 aKalansky, Beatriz